| Поле | Название | Значение |
| |
Тип записи |
a |
| |
Библиографический уровень |
m |
| 001 |
Контрольный номер |
RU/URAIT/584104 |
| 005 |
Дата корректировки |
20260429163609.6 |
| 008 |
Кодируемые данные |
260429s2026 RU y f j 000 0 rus u |
| 020 |
Индекс ISBN |
__ |
| a |
ISBN |
978-5-534-06310-3 |
| c |
Цена, тираж |
1119.00 |
| 040 |
Источник каталогиз. |
__ |
| a |
Служба первич. каталог. |
ИКО Юрайт |
| c |
Служба, преобразующая запись |
ИКО Юрайт |
| e |
Правила каталог. |
RCR |
| 041 |
Код языка издания |
__ |
| a |
Код языка текста |
rus |
| 044 |
Код страны публикации |
__ |
| a |
Код страны публикации |
RU |
| 080 |
Индекс УДК |
__ |
| a |
Индекс УДК |
376.3(075.8) |
| 084 |
Индекс другой классификации/Индекс ББК |
__ |
| 2 |
Источник индекса |
rubbk |
| a |
Индекс другой классификации/Индекс ББК |
74.3я73 |
| 100 |
Автор |
__ |
| a |
Автор |
Соловьева Л. Г. |
| q |
Полное имя |
Соловьева Людмила Георгиевна |
| 245 |
Заглавие |
__ |
| a |
Заглавие |
Логопедия |
| b |
Продолж. заглавия |
учебник и практикум для вузов |
| c |
Ответственность |
Л. Г. Соловьева, Г. Н. Градова. |
| 250 |
Сведения об издании |
__ |
| g |
|
испр. и доп |
| a |
Основные сведения об издании |
2-е изд. |
| 256 |
Характеристики компьютерного файла |
__ |
| a |
Характеристики компьютерного файла |
Электрон. дан. |
| 260 |
Выходные данные |
__ |
| a |
Место издания |
Москва |
| b |
Издательство |
Юрайт |
| c |
Дата издания |
2026 |
| 300 |
Физическое описание |
__ |
| a |
Объем |
191 с |
| 440 |
Серия |
__ |
| a |
Серия |
Высшее образование |
| 500 |
Примечания |
__ |
| a |
Примечание |
URL: https://urait.ru/bcode/584104 (дата обращения: 29.04.2026). |
| 520 |
Аннотация |
__ |
| a |
Аннотация |
В курсе особое внимание уделяется вопросам дифференциальной диагностики нарушений, организации обследования и интерпретации его результатов, содержанию коррекционно-развивающей работы. |
| 538 |
Прим. о системных особенностях |
__ |
| a |
Прим. о системных особенностях |
Режим доступа: Электронно-библиотечная система Юрайт, для авториз. пользователей |
| 653 |
Ключевые слова |
__ |
| a |
Ключевые слова |
Специальная педагогика и психология. Дефектология. Логопедия |
| 653 |
Ключевые слова |
__ |
| a |
Ключевые слова |
Педагогика, психология, социальная работа |
| 653 |
Ключевые слова |
__ |
| a |
Ключевые слова |
Основы логопедии |
| 653 |
Ключевые слова |
__ |
| a |
Ключевые слова |
Логопедия |
| 653 |
Ключевые слова |
__ |
| a |
Ключевые слова |
Введение в логопедию |
| 653 |
Ключевые слова |
__ |
| a |
Ключевые слова |
Обобщающий курс логопедии |
| 653 |
Ключевые слова |
__ |
| a |
Ключевые слова |
Теоретические основы логопедии |
| 653 |
Ключевые слова |
__ |
| a |
Ключевые слова |
Основы логопедической работы |
| 653 |
Ключевые слова |
__ |
| a |
Ключевые слова |
Логопедия. Общее недоразвитие речи. Фонетико-фонематическое недоразвитие |
| 653 |
Ключевые слова |
__ |
| a |
Ключевые слова |
Логопедия. Заикание. Нарушение темпа речи |
| 653 |
Ключевые слова |
__ |
| a |
Ключевые слова |
Логопедия: дизартрия |
| 653 |
Ключевые слова |
__ |
| a |
Ключевые слова |
Логопедия: дислалия |
| 653 |
Ключевые слова |
__ |
| a |
Ключевые слова |
Логопедия: нарушение темпа речи, заикание |
| 653 |
Ключевые слова |
__ |
| a |
Ключевые слова |
Логопедия и технологии преодоления нарушений речи |
| 653 |
Ключевые слова |
__ |
| a |
Ключевые слова |
Комплексная терапия дизартрии и ринолалии |
| 653 |
Ключевые слова |
__ |
| a |
Ключевые слова |
Логопедия: Алалия и афазия |
| 653 |
Ключевые слова |
__ |
| a |
Ключевые слова |
Логопедия: Нарушение письменной речи |
| 653 |
Ключевые слова |
__ |
| a |
Ключевые слова |
Логопедия: Неврологические основы |
| 653 |
Ключевые слова |
__ |
| a |
Ключевые слова |
Логопедия: Ринолалия и нарушения голоса |
| 653 |
Ключевые слова |
__ |
| a |
Ключевые слова |
Логопедия: Фонетико-фонематическое недоразвитие, общее недоразвитие речи |
| 700 |
Другие авторы |
__ |
| a |
Другие авторы |
Градова Г. Н. |
| q |
Полное имя |
Градова Галина Николаевна |
| 856 |
Электронный адрес документа |
40 |
| n |
Местонахождение сервера |
Юрайт |
| g |
|
Электронная книга |
| q |
Тип электронного формата |
html |
| h |
Имя пользователя |
ЮРАЙТ |
| v |
Часы доступа к ресурсу |
20271231 |
| 2 |
Способ доступа |
Показать документ |
| x |
Служебное примечание |
https://urait.ru/book/cover/2EBAC877-A471-4962-99E7-E58EB888B9B1 |
| u |
URL |
https://urait.ru/bcode/584104 |
| 856 |
Электронный адрес документа |
48 |
| q |
Тип электронного формата |
cover |
| u |
URL |
https://urait.ru/book/cover/2EBAC877-A471-4962-99E7-E58EB888B9B1 |
| 911 |
|
__ |
| u |
|
0030=https://urait.ru/bcode/584104 |
| 911 |
|
__ |
| u |
|
073a=9785534063103 |
| u |
|
073d=1119.00 |
| 911 |
|
__ |
| u |
|
106a=s |
| 911 |
|
__ |
| u |
|
900l= |
| 952 |
Тип литературы |
__ |
| i |
Дисциплина |
Основы логопедии |
| 952 |
Тип литературы |
__ |
| i |
Дисциплина |
Логопедия |
| 952 |
Тип литературы |
__ |
| i |
Дисциплина |
Введение в логопедию |
| 952 |
Тип литературы |
__ |
| i |
Дисциплина |
Обобщающий курс логопедии |
| 952 |
Тип литературы |
__ |
| i |
Дисциплина |
Теоретические основы логопедии |
| 952 |
Тип литературы |
__ |
| i |
Дисциплина |
Основы логопедической работы |
| 952 |
Тип литературы |
__ |
| i |
Дисциплина |
Логопедия. Общее недоразвитие речи. Фонетико-фонематическое недоразвитие |
| 952 |
Тип литературы |
__ |
| i |
Дисциплина |
Логопедия. Заикание. Нарушение темпа речи |
| 952 |
Тип литературы |
__ |
| i |
Дисциплина |
Логопедия: дизартрия |
| 952 |
Тип литературы |
__ |
| i |
Дисциплина |
Логопедия: дислалия |
| 952 |
Тип литературы |
__ |
| i |
Дисциплина |
Логопедия: нарушение темпа речи, заикание |
| 952 |
Тип литературы |
__ |
| i |
Дисциплина |
Логопедия и технологии преодоления нарушений речи |
| 952 |
Тип литературы |
__ |
| i |
Дисциплина |
Комплексная терапия дизартрии и ринолалии |
| 952 |
Тип литературы |
__ |
| i |
Дисциплина |
Логопедия: Алалия и афазия |
| 952 |
Тип литературы |
__ |
| i |
Дисциплина |
Логопедия: Нарушение письменной речи |
| 952 |
Тип литературы |
__ |
| i |
Дисциплина |
Логопедия: Неврологические основы |
| 952 |
Тип литературы |
__ |
| i |
Дисциплина |
Логопедия: Ринолалия и нарушения голоса |
| 952 |
Тип литературы |
__ |
| i |
Дисциплина |
Логопедия: Фонетико-фонематическое недоразвитие, общее недоразвитие речи |